Loading...
PRINCIPLES OF PLANT NUTRITION
| Hovedforfatter: | |
|---|---|
| Format: | Printed Book |
| Udgivet: |
NEW YORK, SPRINGER
2006
|
| Udgivelse: | 5 |
| Fag: |
| LEADER | 005400000a22001690004500 | ||
|---|---|---|---|
| 082 | |a 575.76 MEN/PR | ||
| 100 | |a MENGEL, KONRAD |f Author | ||
| 245 | |a PRINCIPLES OF PLANT NUTRITION | ||
| 250 | |a 5 | ||
| 260 | |a NEW YORK, SPRINGER | ||
| 260 | |c 2006 | ||
| 300 | |a pages 849 | ||
| 650 | |a PLANT NUTRIENTS | ||
| 650 | |a SOIL AS A PLANT NUTRIENT MEDIUM | ||
| 942 | |c BK | ||
| 999 | |c 167282 |d 167282 | ||
| 952 | |0 0 |1 0 |4 0 |6 575_760000000000000_MEN_PR |7 0 |9 170998 |a KAUCOAP |b KAUCOAP |d 2013-07-24 |l 3 |m 1 |o 575.76 MEN/PR |p KAU_COAP08765 |r 2019-05-15 |s 2019-05-15 |w 2013-07-24 |y BK | ||